Statistics for IVE all songs (April 2024 update)

Click here to take the quiz!

General Stats

  • This quiz has been taken 210 times
    (41 since last reset)
  • The average score is 28 of 36

Answer Stats

HintAnswer% Correct
After LIKEAfter like
100%
ELEVENEleven
100%
LOVE DIVELove dive
100%
IVE SWITCHHeya
95%
I've IVEI AM
95%
2nd Pre-released
(I'VE MINE album)
Off The Record
95%
IVE SWITCHAccendio
90%
Remake single
(ft. Saweetie)
All Night
90%
I'VE MINEBaddie
90%
After LIKEMy Satisfaction
90%
WAVEWave
90%
I'VE MINEHoly Moly
85%
Pre-released
(I've IVE album)
Kitsch
85%
LOVE DIVERoyal
85%
ELEVENTake It
85%
I've IVEBlue Blood
80%
IVE SWITCHBlue Heart
80%
Pre-released
(I'VE MINE album)
Either Way
80%
I'VE MINEOTT
80%
I'VE MINEPayback
80%
I've IVEShine With Me
80%
I've IVEHeroine
75%
I've IVEHypnosis
75%
2023 Pepsi Taste of
Korea Campaign
I want
75%
I've IVELips
75%
I've IVEMine
75%
IVE SWITCHIce Queen
70%
I've IVECherish
65%
I've IVENot your girl
65%
I've IVENext Page
60%
IVE SWITCHReset
60%
WAVEClassic
55%
ELEVEN
(Japanese ver.)
Queen of Hearts
55%
IVE SWITCHWow
55%
Pokemon OpWill
45%
2022 Pepsi Taste of
Korea Campaign
(withOh My Girl, Cravity)
Blue & Black
40%

Score Distribution

Percentile by Number Answered

Percent of People with Each Score

Your Score History

You have not taken this quiz since the last reset